Caring for the land (Record no. 65557)

MARC details
000 -LEADER
fixed length control field 01882cam a2200229 4500
001 - CONTROL NUMBER
control field X109889
008 - FIXED-LENGTH DATA ELEMENTS--GENERAL INFORMATION
fixed length control field 000000n2000 000 0 eng u
035 ## - SYSTEM CONTROL NUMBER
System control number (Sirsi) u109889
245 ## - TITLE STATEMENT
Title Caring for the land
260 ## - PUBLICATION, DISTRIBUTION, ETC.
Date of publication, distribution, etc. 2000
490 ## - SERIES STATEMENT
Series statement Country Life
Volume/sequential designation 194(47) 23 November 2000 (1)
520 ## - SUMMARY, ETC.
Summary, etc. Suggests that government schemes and initiatives such as "Action Plan for Farming" are only rehashes of previous ideas and developments. Conveys the view that the strong pound and staying out of the euro is hitting farmers the hardest and that Britain should either join the euro, which would give British farmers the same deal as the rest of Europe, or that British farmers should be offered monetary compensation instead. However the author is sceptical of a suitable EU regime based on environmental enhancement even though it is suggested that it would be easy to shift farm support from growing food to conservation. Nicholas Woolley, a Chartered Surveyor and former president of RICS Rural Practice Division, has devised a techique to evaluate sustainability in an objective way. Called Comprehensive Project Evaluation (CPE) and developed by RICS, Environmental Agency and English Nature, it works by using a scale to 'score' farmers and it is valid across different agriculture types. It could form a basis for a reformed CAP with conservation payouts. The article ends with little expectation for new developments from the Rural White Paper. THIS ITEM HAS BEEN WITHDRAWN FROM CIRCULATION AND SHOULD NOT BE PHOTOCOPIED OR READ OUT WITHOUT CONSULTATION WITH THE PRESS OFFICE. FILED AS ABS63358.
590 ## - LOCAL NOTE (RLIN)
Local note ABS
650 ## - SUBJECT ADDED ENTRY--TOPICAL TERM
Topical term or geographic name entry element RURAL DEVELOPMENT PROGRAMMES
650 ## - SUBJECT ADDED ENTRY--TOPICAL TERM
Topical term or geographic name entry element RURAL ECONOMY
650 ## - SUBJECT ADDED ENTRY--TOPICAL TERM
Topical term or geographic name entry element COMMON AGRICULTURAL POLICY
650 ## - SUBJECT ADDED ENTRY--TOPICAL TERM
Topical term or geographic name entry element RURAL WHITE PAPER
650 ## - SUBJECT ADDED ENTRY--TOPICAL TERM
Topical term or geographic name entry element RURAL DEPRIVATION
650 ## - SUBJECT ADDED ENTRY--TOPICAL TERM
Topical term or geographic name entry element NATURE CONSERVATION
690 ## - LOCAL SUBJECT ADDED ENTRY--TOPICAL TERM (OCLC, RLIN)
Topical term or geographic name as entry element Rural
9 (RLIN) 6268
942 ## - ADDED ENTRY ELEMENTS (KOHA)
Suppress in OPAC 0
Holdings
Withdrawn status Lost status Source of classification or shelving scheme Damaged status Not for loan Home library Current library Shelving location Date acquired Total Checkouts Full call number Barcode Date last seen Copy number Price effective from Koha item type
    Dewey Decimal Classification     London London News article 11/12/2000   X109889 109889-1001 06/08/2019 1 06/08/2019 Journal article